Jinnah : Creator of Pakistan (664-B actioned) (Record no. 243418)
[ view plain ]
| 000 -LEADER | |
|---|---|
| fixed length control field | 00274 a2200109 4500 |
| 001 - CONTROL NUMBER | |
| control field | 8345 |
| 003 - CONTROL NUMBER IDENTIFIER | |
| control field | NUST |
| 005 - DATE AND TIME OF LATEST TRANSACTION | |
| control field | 20180118190626.0 |
| 008 - FIXED-LENGTH DATA ELEMENTS--GENERAL INFORMATION | |
| fixed length control field | 180118b xxu||||| |||| 00| 0 eng d |
| 082 ## - DEWEY DECIMAL CLASSIFICATION NUMBER | |
| Classification number | 954.923 BOL |
| 100 ## - MAIN ENTRY--PERSONAL NAME | |
| Personal name | Bolitho,H |
| 9 (RLIN) | 8980 |
| 245 ## - TITLE STATEMENT | |
| Title | Jinnah : Creator of Pakistan (664-B actioned) |
| Medium | English |
| 260 ## - PUBLICATION, DISTRIBUTION, ETC. | |
| Name of publisher, distributor, etc. | Murray |
| Place of publication, distribution, etc. | 1954 |
| 942 ## - ADDED ENTRY ELEMENTS (KOHA) | |
| Institution code [OBSOLETE] | NUST-CAE |
| Koha item type | Book |
| -- | Book |
| Call number prefix | 954.923 BOL |
| Source of classification or shelving scheme | |
| Withdrawn status | Lost status | Damaged status | Not for loan | Collection code | Permanent Location | Current Location | Date acquired | Total Checkouts | Full call number | Barcode | Date last seen | Price effective from | Koha item type |
|---|---|---|---|---|---|---|---|---|---|---|---|---|---|
| College of Aeronautical Engineering (CAE) | College of Aeronautical Engineering (CAE) | 04/03/2017 | 954.923 BOL | CAE8711 | 04/05/2017 | 04/05/2017 | Book |
